000 00706nam a2200217 i 4500
001 bg
100 1 _aGINTER, Jerzy
245 0 _aWstęp do fizyki atomu, cząsteczki i ciała stałego /
_cJerzy Ginter.
250 _aWyd. 2 popr.
260 _aWarszawa :
_bPaństwowe Wydaw. Naukowe,
_c1986.
300 _a438, [6] s., [4] s. tabl. kolor. :
_bfot., rys., wykr. ;
_c24 cm.
504 _aBibliogr. s. 433-434.
020 _a830106614
040 _cBPK
041 _apol
080 _a539.1+539.9](075.8)
920 _a83-01-0661-4
942 _cKS
008 s pl f |000 0 pol
856 _uhttp://koha.tu.koszalin.pl/cgi-bin/koha/opac-detail.pl?biblionumber=3239
_yKatalog online BPK
999 _c3239
_d3239